000 00689nam a2200265Ia 4500
003 OSt
005 20220926022742.0
006 a|||||r|||| 00| 0
007 ta
008 220923b |||||||| |||| 00| 0 eng d
037 _cGeneral Book
040 _aRTL
_cRTL
_beng
041 _2eng
_aeng
082 _aS:7, L1
100 _aJourard Sidney M
_986242
245 0 _aTransparent self
250 _a2
260 _aNew York
_bVan Nostrand Reinhold
_c1971
300 _axiv,250p
_ccm.
500 _aBibliography: P 293-45
650 _a Psychology
650 _aPersonality
_933018
942 _hS:7, L1
_cGB
_2CC
999 _c640204
_d640204